Religion Quiz

Random Religion or Bible Quiz

Bible Books by Word Cloud Quiz Stats

 Plays Quiz Updated Oct 13, 2014

Also try: Word Cloud Titles
Challenge
Share
Tweet
Score 0/20 Timer 10:00
1 Play Today
% Correct
Daniel
90.2%
Exodus
73%
Matthew
65.3%
Job
58.5%
Jonah
53.7%
Ruth
53.5%
Revelation
52.5%
Leviticus
50.8%
John
48.4%
Genesis
47.4%
% Correct
Acts of the Apostles
47%
Habakkuk
45.8%
Jeremiah
45.3%
1 Samuel
43.4%
1 Kings
38.6%
Ezra
38.1%
1 Timothy
36.9%
Proverbs
35.3%
Song of Solomon
34.7%
Hebrews
25.9%

You're not logged in!

Compare scores with friends on all Sporcle quizzes.
Join for Free
OR
Log In

You Might Also Like...

Show Comments

Extras

Top Quizzes Today


Score Distribution

Your Account Isn't Verified!

In order to create a playlist on Sporcle, you need to verify the email address you used during registration. Go to your Sporcle Settings to finish the process.

Report this User

Report this user for behavior that violates our Community Guidelines.

Details: